000 00815cpcaa22002537a 4500
001 mm 80003101
003 DLC
005 20260227111701.0
008 800701|||||||||||| eng
010 _amm 80003101
040 _aDLC
_cDLC
_edacs
_dDLC
072 7 _aW
_2lcmd
100 1 _aWilliams, John L.,
_csoldier.
245 0 0 _aJohn L. Williams correspondence,
_f1846-1862.
300 _a9
_fitems.
506 0 _aOpen to research.
533 _aNegative photocopies.
_b[S.l].
545 0 _aSoldier.
546 _aCollection material in English.
580 _aForms part of: Miscellaneous Manuscripts collection.
656 7 _aSoldiers.
_2itoamc
999 _c42646
_d42646